Statistics for Top 30 Most Populous Cities In USA

Click here to take the quiz!

General Stats

  • This quiz has been taken 71 times
  • The average score is 24 of 30

Answer Stats

Answer% Correct
Chicago
98%
Los Angeles
98%
Houston
97%
New York City
97%
San Francisco
97%
Philadelphia
95%
Boston
94%
Seattle
94%
Dallas
92%
San Diego
92%
Detroit
90%
Phoenix
87%
Washington
87%
Denver
86%
Austin
81%
San Antonio
81%
Las Vegas
78%
Baltimore
75%
Nashville
75%
San Jose
75%
Jacksonville
71%
Portland
71%
Charlotte
70%
Indianapolis
70%
Memphis
70%
Oklahoma City
65%
Columbus
60%
El Paso
54%
Fort Worth
52%
Louisville
43%

Score Distribution

Percentile by Number Answered

Percent of People with Each Score

Your Score History

You have not taken this quiz